Behind closed doors: domestic violence in India (Record no. 3749)

MARC details
000 -LEADER
fixed length control field 00418nam a2200157Ia 4500
020 ## - INTERNATIONAL STANDARD BOOK NUMBER
ISBN 81-7829-373-0
082 ## - DEWEY DECIMAL CLASSIFICATION NUMBER
Classification number 362.82920954 BEH;
245 #0 - TITLE STATEMENT
Title Behind closed doors: domestic violence in India
260 ## - PUBLICATION, DISTRIBUTION, ETC. (IMPRINT)
Place of publication New Delhi
Name of publisher Sage Publications
Year of publication 2004
300 ## - PHYSICAL DESCRIPTION
Number of Pages 234p.
650 ## - SUBJECT ADDED ENTRY--TOPICAL TERM
Topical Term Family violence - India
650 ## - SUBJECT ADDED ENTRY--TOPICAL TERM
Topical Term Domestic violence
650 ## - SUBJECT ADDED ENTRY--TOPICAL TERM
Topical Term Wife abuse - India
700 ## - ADDED ENTRY--PERSONAL NAME
Personal name Bhattacharya, Rinki
942 ## - ADDED ENTRY ELEMENTS (KOHA)
Koha item type Books
Holdings
Withdrawn status Lost status Damaged status Not for loan Home library Current library Date acquired Source of acquisition Bill Date Full call number Accession Number Price effective from Koha item type
        NASSDOC Library NASSDOC Library 02/11/2004 MB 2004-10-22 362.82920954 BEH; 40065 18/04/2019 Books